00526nam a2200169Ia 4500003000900000008004100009020001800050040001600068080002100084245008500105260004200190300001600232650004100248650002100289650002100310700002500331IN-BaIIA211028s9999 xx 000 0 eng d a90-277-0156-3 cIIA Library a082.2:52bIAU-C4 0aStellar rotationcedited by Arne Slettebak  aDordrechtbD. Reidel Publishingc1970 aIxvi, 355p. aAstronomy and astrophysics thesaurus aStellar dynamics aStellar rotation aSlettebak, Arne., ed